|
|
|
|
| LEADER |
02390nam a22005775i 4500 |
| 001 |
978-3-540-74260-9 |
| 003 |
DE-He213 |
| 005 |
20151204161359.0 |
| 007 |
cr nn 008mamaa |
| 008 |
100301s2007 gw | s |||| 0|eng d |
| 020 |
|
|
|a 9783540742609
|9 978-3-540-74260-9
|
| 024 |
7 |
|
|a 10.1007/978-3-540-74260-9
|2 doi
|
| 040 |
|
|
|d GrThAP
|
| 050 |
|
4 |
|a Q337.5
|
| 050 |
|
4 |
|a TK7882.P3
|
| 072 |
|
7 |
|a UYQP
|2 bicssc
|
| 072 |
|
7 |
|a COM016000
|2 bisacsh
|
| 082 |
0 |
4 |
|a 006.4
|2 23
|
| 245 |
1 |
0 |
|a Image Analysis and Recognition
|h [electronic resource] :
|b 4th International Conference, ICIAR 2007, Montreal, Canada, August 22-24, 2007. Proceedings /
|c edited by Mohamed Kamel, Aurélio Campilho.
|
| 264 |
|
1 |
|a Berlin, Heidelberg :
|b Springer Berlin Heidelberg,
|c 2007.
|
| 300 |
|
|
|a XLIV, 1314 p.
|b online resource.
|
| 336 |
|
|
|a text
|b txt
|2 rdacontent
|
| 337 |
|
|
|a computer
|b c
|2 rdamedia
|
| 338 |
|
|
|a online resource
|b cr
|2 rdacarrier
|
| 347 |
|
|
|a text file
|b PDF
|2 rda
|
| 490 |
1 |
|
|a Lecture Notes in Computer Science,
|x 0302-9743 ;
|v 4633
|
| 505 |
0 |
|
|a Image Restoration and Enhancement -- Image and Video Processing and Analysis -- Image Segmentation -- Computer Vision -- Pattern Recognition for Image Analysis -- Shape and Matching -- Motion Analysis -- Tracking -- Image Retrieval and Indexing -- Image and Video Coding and Encryption -- Biometrics -- Biomedical Image Analysis -- Applications.
|
| 650 |
|
0 |
|a Computer science.
|
| 650 |
|
0 |
|a Algorithms.
|
| 650 |
|
0 |
|a Artificial intelligence.
|
| 650 |
|
0 |
|a Computer graphics.
|
| 650 |
|
0 |
|a Image processing.
|
| 650 |
|
0 |
|a Pattern recognition.
|
| 650 |
|
0 |
|a Biometrics (Biology).
|
| 650 |
1 |
4 |
|a Computer Science.
|
| 650 |
2 |
4 |
|a Pattern Recognition.
|
| 650 |
2 |
4 |
|a Image Processing and Computer Vision.
|
| 650 |
2 |
4 |
|a Biometrics.
|
| 650 |
2 |
4 |
|a Artificial Intelligence (incl. Robotics).
|
| 650 |
2 |
4 |
|a Computer Graphics.
|
| 650 |
2 |
4 |
|a Algorithm Analysis and Problem Complexity.
|
| 700 |
1 |
|
|a Kamel, Mohamed.
|e editor.
|
| 700 |
1 |
|
|a Campilho, Aurélio.
|e editor.
|
| 710 |
2 |
|
|a SpringerLink (Online service)
|
| 773 |
0 |
|
|t Springer eBooks
|
| 776 |
0 |
8 |
|i Printed edition:
|z 9783540742586
|
| 830 |
|
0 |
|a Lecture Notes in Computer Science,
|x 0302-9743 ;
|v 4633
|
| 856 |
4 |
0 |
|u http://dx.doi.org/10.1007/978-3-540-74260-9
|z Full Text via HEAL-Link
|
| 912 |
|
|
|a ZDB-2-SCS
|
| 912 |
|
|
|a ZDB-2-LNC
|
| 950 |
|
|
|a Computer Science (Springer-11645)
|